000 00615cam a2200217 4500500
005 20260329001722.0
041 _afre
042 _adc
100 1 0 _aChapuis, Émilie
_eauthor
245 0 0 _aParoles de rescapés
260 _c2008.
500 _a41
690 _aAlcoolisme
690 _aAndré Comte-Sponville
690 _aCamus
690 _aRescapés
690 _aSénèque
690 _aSisyphe
786 0 _nPhilosophie magazine | 25 | 12 | 2008-12-01 | p. 11-12 | 1951-1787
856 4 1 _uhttps://shs.cairn.info/magazine-philosophie-magazine-2008-12-page-11?lang=fr&redirect-ssocas=7080
999 _c1807979
_d1807979